01081nam a2200277 a 4500001001000000003000900010005001700019008004100036020001800077040002500095082001400120100003700134245010400171260007300275300002100348490005400369490002800423500006000451504003700511504003000548590002700578700005500605942001400660952011200674999001700786000047534DO-SdBNP20250716100458.0180621s2017 dr 000 p spa d a9789945582543 aDO-SdBNPbspacBNPHU axxxbxxxx1 aMiller, Jeannette,d1944-98348410aTestigo de la luz :bpoemas 1962-2016 /cJeannette Miller ; prólogo José Alcántara Almanzar. aSanto Domingo, :bBanco Central de la República Dominicana,c2017. a500 p. ;c24 cm.0 aBanco Central de la República Dominicana ;v2410 aArte y Literatura ;v85 aIncluye datos biografícos de la autora en las solapas aBibliografía autora p: 477-483 aBibliografía p: 487-490 aInventariado, 2018/ YL1 aAlcántara Almánzar, Joséd1946-eprol.97018 2ddccLBS1 0010718PDaPDbPDcCTd2018-06-21iLF1l0oxxx xxxxp47534-10r2020-06-25w2020-06-25yLFPDZNo se presta c47022d47022